LIBRARY & INFORMATION CENTRE, KCAET, TAVANUR

ONLINE PUBLIC ACCESS CATALOGUE (OPAC)

Soil Quality and soil Erosion (Record no. 14352)

MARC details
000 -LEADER
fixed length control field 00271nam a22001217a 4500
020 ## - INTERNATIONAL STANDARD BOOK NUMBER
ISBN 574441000
082 ## - DEWEY DECIMAL CLASSIFICATION NUMBER
Classification number 631.4
Item number LAL/SO
245 ## - TITLE STATEMENT
Title Soil Quality and soil Erosion
260 ## - PUBLICATION, DISTRIBUTION, ETC. (IMPRINT)
Place of publication New Delhi
Name of publisher CRC Press
Year of publication 2014
300 ## - PHYSICAL DESCRIPTION
Number of Pages 329
700 ## - ADDED ENTRY--PERSONAL NAME
Personal name Lal,Rattan
942 ## - ADDED ENTRY ELEMENTS (KOHA)
Koha item type Books
Holdings
Withdrawn status Lost status Damaged status Collection code Home library Current library Shelving location Date acquired Source of acquisition Cost, normal purchase price Full call number Accession Number Koha item type
        KAUAET KAUAET General Stacks 21/06/2016 Ganesh Book Centre Trivandrum 2995.00 631.4 LAL/SO 24609 Books
free website counter